Hovory s T.G.Masarykem : Spisy XX /

Gespeichert in:
Bibliographische Detailangaben
1. Verfasser: Čapek, Karel (Verfasst von)
Format: Buch
Sprache:Tschechisch
Veröffentlicht: Praha : Československý spisovatel, 1991
Ausgabe:1.soub.vyd.
Tags: Tag hinzufügen
Keine Tags, Fügen Sie das erste Tag hinzu!

MARC

LEADER 00000nam a22000003a 4500
001 stu766
005 20150617225618.9
008 911113s1991----cs------------------cze-d
020 |a 80-202-0170-X 
040 |a STU  |b slo 
041 0 |a cze 
044 |a cs 
080 |a 82-83 €APEK 
100 1 |a Čapek, Karel  |4 aut 
245 1 |a Hovory s T.G.Masarykem :  |b Spisy XX /  |c [aut.] Čapek,Karel 
250 |a 1.soub.vyd. 
260 |a Praha :  |b Československý spisovatel,  |c 1991 
300 |a 588 s 
996 |b E75277  |c R*75277  |l RRUM  |s A  |a 24  |w stu766_0001 
996 |b E75278  |c R*75278  |l RRUM  |s A  |a 24  |w stu766_0002